[Event "Europa tch 2011 femenino"]
[Site "Porto Carras"]
[Date "2011.11.09"]
[Round "7.9"]
[White "Newrkla, Katharina"]
[Black "Pascual Palomo, Lucia"]
[Result "1-0"]
[WhiteElo "2131"]
[BlackElo "2104"]
[PlyCount "63"]
[EventDate "2011.11.03"]
[EventType "team"]
[EventRounds "9"]
[EventCountry "GRE"]
[Source "lmi"]
[SourceDate "2011.11.03"]
[WhiteTeamCountry "NED"]
[BlackTeamCountry "GRE"]

1. e4 e6 2. d4 d5 3. Nc3 Nf6 4. e5 Nfd7 5. f4 c5 6. Nf3 Nc6 7. Be3 Be7 8. Qd2
O-O 9. dxc5 Bxc5 10. Bxc5 Nxc5 11. O-O-O Qa5 12. Kb1 Bd7 13. h4 Rfd8 14. h5 Be8
15. Bd3 Nxd3 16. Qxd3 Nb4 17. Qe3 Ba4 18. Nd4 Rac8 19. h6 g6 20. f5 exf5 21. e6
f6 22. e7 Rd6 23. a3 Na6 24. Nb3 Qc7 25. Nxa4 Qxc2+ 26. Ka1 Re8 27. Rhe1 Qxg2
28. Qf4 Rd7 29. Nac5 g5 30. Qxf5 Rd6 31. Re6 Nxc5 32. Nxc5 1-0

[Event "Europa tch 2011 femenino"]
[Site "Porto Carras"]
[Date "2011.11.09"]
[Round "7.9"]
[White "Vega Gutierrez, Sabrina"]
[Black "Moser, Eva"]
[Result "0-1"]
[WhiteElo "2327"]
[BlackElo "2448"]
[PlyCount "48"]
[EventDate "2011.11.03"]
[EventType "team"]
[EventRounds "9"]
[EventCountry "GRE"]
[Source "lmi"]
[SourceDate "2011.11.03"]
[WhiteTeamCountry "NED"]
[BlackTeamCountry "GRE"]

1. e4 d5 2. exd5 Qxd5 3. Nf3 Bg4 4. Be2 Nc6 5. d4 e6 6. O-O O-O-O 7. Be3 Qd7 8.
Nbd2 Nge7 9. b4 e5 10. Nxe5 Nxe5 11. dxe5 Bxe2 12. Qxe2 Nd5 13. Nb3 Bxb4 14. a3
Bc3 15. Rab1 Qc6 16. Qg4+ Kb8 17. Bd4 Bxd4 18. Nxd4 Qc4 19. Rb3 Ka8 20. Rd1
Rhe8 21. h3 Nb6 22. Rb4 Qd5 23. Rb5 a5 24. Rd3 Qc4 0-1

[Event "Europa tch 2011 femenino"]
[Site "Porto Carras"]
[Date "2011.11.09"]
[Round "7.10"]
[White "Cemhan, Kardelen"]
[Black "Efroimski, Marsel"]
[Result "1-0"]
[WhiteElo "1881"]
[BlackElo "2230"]
[PlyCount "95"]
[EventDate "2011.11.03"]
[EventType "team"]
[EventRounds "9"]
[EventCountry "GRE"]
[Source "lmi"]
[SourceDate "2011.11.03"]
[WhiteTeamCountry "NED"]
[BlackTeamCountry "GRE"]

1. e4 c6 2. d4 d5 3. exd5 cxd5 4. Bd3 Nc6 5. c3 Qc7 6. Ne2 Bg4 7. f3 Bd7 8. Bf4
e5 9. dxe5 Nxe5 10. O-O Bd6 11. Nd4 Nf6 12. Na3 a6 13. Qd2 O-O 14. Nac2 Nh5 15.
Bxe5 Bxe5 16. g3 Bxg3 17. hxg3 Qxg3+ 18. Kh1 Qh3+ 19. Qh2 Ng3+ 20. Kg1 Nxf1 21.
Rxf1 Qxh2+ 22. Kxh2 Rfe8 23. Kg2 Re5 24. Rh1 g6 25. f4 Re7 26. Nb4 Re3 27. Kf2
Rae8 28. Ndc2 R3e6 29. Nxd5 Bc6 30. c4 b5 31. b3 bxc4 32. bxc4 Rb8 33. Nd4 Rb2+
34. Kf3 Rd2 35. Nxc6 Rxd3+ 36. Kg4 h5+ 37. Kh4 Kg7 38. Ne5 Ra3 39. Rb1 f6 40.
Rb7+ Kg8 41. Nxg6 Rxa2 42. Kxh5 a5 43. Nde7+ Kf7 44. Nf5+ Ke8 45. Ng7+ Kd8 46.
Nxe6+ Kc8 47. Rc7+ Kb8 48. Ne7 1-0

[Event "Europa tch 2011 femenino"]
[Site "Porto Carras"]
[Date "2011.11.09"]
[Round "7.10"]
[White "Porat, Maya"]
[Black "Ozturk, Kubra"]
[Result "1-0"]
[WhiteElo "2299"]
[BlackElo "2239"]
[PlyCount "197"]
[EventDate "2011.11.03"]
[EventType "team"]
[EventRounds "9"]
[EventCountry "GRE"]
[Source "lmi"]
[SourceDate "2011.11.03"]
[WhiteTeamCountry "NED"]
[BlackTeamCountry "GRE"]

1. d4 d5 2. c4 dxc4 3. e4 e5 4. Nf3 exd4 5. Bxc4 Nc6 6. O-O Be6 7. Bb5 Bc5 8.
b4 Bb6 9. a4 a6 10. Bxc6+ bxc6 11. Bb2 Qd6 12. a5 Ba7 13. Qd2 Ne7 14. Bxd4 Bxd4
15. Nxd4 Rb8 16. Nxe6 fxe6 17. Rd1 Qxd2 18. Nxd2 Rxb4 19. Rab1 Rxb1 20. Rxb1
O-O 21. Kf1 Rd8 22. Ke2 c5 23. Rc1 Nc6 24. Rxc5 Nd4+ 25. Ke3 c6 26. Nf3 Nb3 27.
Rxc6 Nxa5 28. Rxa6 Nc4+ 29. Ke2 Nd6 30. e5 Nb5 31. Rc6 h6 32. Rc5 Rd5 33. Rxd5
Nc3+ 34. Kd3 Nxd5 35. g3 Kf7 36. Kd4 Nb4 37. Nd2 g5 38. Ke4 Nd5 39. Nc4 Nc3+
40. Kd4 Nd5 41. Ne3 Nb4 42. Ke4 Na6 43. f4 Nc5+ 44. Kf3 gxf4 45. gxf4 Kg6 46.
Nc2 Nb3 47. Ne3 Nc5 48. Kg4 Nd3 49. Nc2 Nf2+ 50. Kf3 Nd3 51. Nd4 Kf7 52. Kg4
Nf2+ 53. Kg3 Ne4+ 54. Kf3 Nc5 55. Kg4 Kg6 56. h3 Kf7 57. Nb5 Kg6 58. Nd4 Kf7
59. Nf3 Nd3 60. Nh2 Kg6 61. Nf1 h5+ 62. Kf3 Kf5 63. Ne3+ Kg6 64. Ng2 Kf7 65.
Ke3 Nb4 66. Ke4 Na6 67. Kd4 Nb4 68. Ne3 Kg6 69. Kc4 Na2 70. Kd4 Nc1 71. Ke4 Nb3
72. Nc2 Nc5+ 73. Kf3 Nb3 74. Ne3 Nd4+ 75. Ke4 Nb3 76. Ng2 Nc5+ 77. Kf3 Nb3 78.
Nh4+ Kf7 79. Kg3 Nd4 80. Kf2 Nb3 81. Ke3 Nc5 82. Nf3 Kg6 83. Nd4 Kf7 84. Ne2
Kg6 85. Ng3 Nb3 86. Kd3 Nc5+ 87. Kc4 h4 88. Ne2 Ne4 89. Kd4 Ng3 90. Ke3 Nf5+
91. Kf3 Kh5 92. Ke4 Kg6 93. Nd4 Ng3+ 94. Kf3 Kf7 95. Kg4 Ne4 96. Kxh4 Kg6 97.
Nxe6 Kf5 98. Ng7+ Kxf4 99. e6 1-0

[Event "Europa tch 2011 femenino"]
[Site "Porto Carras"]
[Date "2011.11.09"]
[Round "7.10"]
[White "Vasiliev, Olga"]
[Black "Menzi, Nezihe Ezgi"]
[Result "1-0"]
[WhiteElo "2305"]
[BlackElo "1911"]
[PlyCount "63"]
[EventDate "2011.11.03"]
[EventType "team"]
[EventRounds "9"]
[EventCountry "GRE"]
[Source "lmi"]
[SourceDate "2011.11.03"]
[WhiteTeamCountry "NED"]
[BlackTeamCountry "GRE"]

1. e4 e5 2. Bc4 Nf6 3. d3 c6 4. Nf3 d5 5. Bb3 Bd6 6. Bg5 Nbd7 7. Nc3 d4 8. Ne2
Nc5 9. c3 dxc3 10. bxc3 Nxb3 11. axb3 Bg4 12. Ng3 h6 13. Be3 Qc7 14. h3 Be6 15.
O-O Nd7 16. Ne2 g5 17. Nh2 Rg8 18. Ng3 b6 19. Ng4 Rg6 20. Nf5 h5 21. Nh2 Bxf5
22. exf5 Rg8 23. Qxh5 O-O-O 24. Ng4 Nc5 25. Bxc5 Bxc5 26. b4 Bd6 27. Nf6 Rh8
28. Qxg5 Be7 29. Qg7 Qd6 30. Ng4 Qxd3 31. Rxa7 Bd6 32. Qxf7 1-0

[Event "Europa tch 2011 femenino"]
[Site "Porto Carras"]
[Date "2011.11.09"]
[Round "7.11"]
[White "Brunello, Marina"]
[Black "Medic, Mirjana"]
[Result "1-0"]
[WhiteElo "2221"]
[BlackElo "2236"]
[PlyCount "127"]
[EventDate "2011.11.03"]
[EventType "team"]
[EventRounds "9"]
[EventCountry "GRE"]
[Source "lmi"]
[SourceDate "2011.11.03"]
[WhiteTeamCountry "NED"]
[BlackTeamCountry "GRE"]

1. e4 e6 2. d4 d5 3. Nd2 Nf6 4. e5 Nfd7 5. Bd3 c5 6. c3 Nc6 7. Ne2 cxd4 8. cxd4
Qb6 9. Nf3 f6 10. exf6 Nxf6 11. O-O Bd6 12. Re1 O-O 13. a3 e5 14. dxe5 Nxe5 15.
Ned4 Bg4 16. Be3 Bxf3 17. Nxf3 Nxf3+ 18. Qxf3 Qxb2 19. Qh3 Rae8 20. Red1 Qe5
21. Bxa7 Qh5 22. Qxh5 Nxh5 23. Bb5 Ra8 24. Rxd5 Rxa7 25. Rxd6 Rc8 26. a4 Nf6
27. Re1 Kf8 28. g3 Raa8 29. Kg2 Rc7 30. h4 Rac8 31. Rd4 h5 32. Bd3 Kf7 33. Rb1
Ra8 34. Be2 Ra7 35. Bf3 g6 36. Rdb4 b6 37. Rf4 Kg7 38. Rxb6 Nd7 39. Rd6 Ne5 40.
Be2 Rc6 41. Rxc6 Nxc6 42. Bb5 Ne5 43. Rd4 Kh6 44. Rd6 Rc7 45. Re6 Rc5 46. f4
Rc2+ 47. Kf1 Ng4 48. Ke1 Rc3 49. f5 Rxg3 50. Rxg6+ Kh7 51. Rg5 Kh6 52. Be2 Re3
53. Kd2 Re4 54. a5 Ra4 55. a6 Ra3 56. Rg6+ Kh7 57. Rb6 Kg7 58. Bc4 Ne5 59. Bb3
Nf3+ 60. Kc3 Nxh4 61. f6+ Kh6 62. f7+ Kg7 63. Rb8 Ng6 64. Rg8+ 1-0

[Event "Europa tch 2011 femenino"]
[Site "Porto Carras"]
[Date "2011.11.09"]
[Round "7.11"]
[White "Golubenko, Valentina"]
[Black "Zimina, Olga"]
[Result "1/2-1/2"]
[WhiteElo "2293"]
[BlackElo "2338"]
[PlyCount "31"]
[EventDate "2011.11.03"]
[EventType "team"]
[EventRounds "9"]
[EventCountry "GRE"]
[Source "lmi"]
[SourceDate "2011.11.03"]
[WhiteTeamCountry "NED"]
[BlackTeamCountry "GRE"]

1. d4 d5 2. Nf3 c6 3. g3 Nf6 4. Bg2 Bg4 5. O-O Nbd7 6. Nbd2 e6 7. Re1 Be7 8. e4
dxe4 9. Nxe4 O-O 10. Nxf6+ Bxf6 11. Qd2 Qc7 12. Qb4 a5 13. Qc4 Nb6 14. Qc5 Nd7
15. Qc4 Nb6 16. Qc5 1/2-1/2

[Event "Europa tch 2011 femenino"]
[Site "Porto Carras"]
[Date "2011.11.09"]
[Round "7.11"]
[White "Panella, Fiammetta"]
[Black "Jelica, Mara"]
[Result "0-1"]
[WhiteElo "2014"]
[BlackElo "2234"]
[PlyCount "112"]
[EventDate "2011.11.03"]
[EventType "team"]
[EventRounds "9"]
[EventCountry "GRE"]
[Source "lmi"]
[SourceDate "2011.11.03"]
[WhiteTeamCountry "NED"]
[BlackTeamCountry "GRE"]

1. e4 c5 2. Nf3 e6 3. d4 cxd4 4. Nxd4 a6 5. Bd3 Bc5 6. Nb3 Ba7 7. Qe2 d6 8. O-O
Nf6 9. Be3 Bxe3 10. Qxe3 e5 11. Nc3 Be6 12. Rad1 O-O 13. Rfe1 Nc6 14. h3 Qc7
15. Rd2 Rad8 16. Nd5 Bxd5 17. exd5 Ne7 18. c4 Rfe8 19. Qg3 h6 20. Qh4 Ng6 21.
Bxg6 fxg6 22. Qg3 Qxc4 23. Qxg6 Qb5 24. Rc1 Qd7 25. Qd3 Rc8 26. Rcd1 Nh5 27.
Na5 Nf4 28. Qb3 b5 29. Qe3 Qd8 30. Nc6 Qg5 31. Qf3 e4 32. Qg4 Qxg4 33. hxg4 e3
34. fxe3 Rxe3 35. Kf2 Ree8 36. g3 Nh3+ 37. Kg2 Ng5 38. Nd4 Rc4 39. Nf5 Nf7 40.
g5 hxg5 41. Kf2 g4 42. Re1 Rxe1 43. Kxe1 g6 44. Ne3 Re4 45. Kf2 Kg7 46. Rc2 Ne5
47. b3 Nd3+ 48. Ke2 Nb4 49. Rd2 a5 50. a3 Na6 51. Rc2 Nc5 52. Rc3 Kf6 53. Kd2
Ke5 54. Kc2 b4 55. axb4 axb4 56. Nc4+ Kd4 0-1

[Event "Europa tch 2011 femenino"]
[Site "Porto Carras"]
[Date "2011.11.09"]
[Round "7.11"]
[White "Saric, Kristina"]
[Black "Messina, Roberta"]
[Result "1-0"]
[WhiteElo "2255"]
[BlackElo "1964"]
[PlyCount "125"]
[EventDate "2011.11.03"]
[EventType "team"]
[EventRounds "9"]
[EventCountry "GRE"]
[Source "lmi"]
[SourceDate "2011.11.03"]
[WhiteTeamCountry "NED"]
[BlackTeamCountry "GRE"]

1. e4 c5 2. Nf3 d6 3. d4 cxd4 4. Qxd4 Nc6 5. Bb5 Qd7 6. Bxc6 Qxc6 7. Nc3 e5 8.
Qd3 Nf6 9. Bg5 Be7 10. O-O-O a6 11. Bxf6 gxf6 12. Nd5 Be6 13. Rd2 Rg8 14. g3
Rc8 15. Nh4 f5 16. Nxf5 Bxf5 17. exf5 Bg5 18. f4 exf4 19. gxf4 Bd8 20. f6 Kf8
21. Re1 Rg6 22. f5 Rg5 23. Qe3 h6 24. h4 Rg4 25. Qxh6+ Kg8 26. Qe3 Kh7 27. Rg1
Qc4 28. Rxg4 Qxg4 29. Qg5 Rc4 30. Rg2 Qxg5+ 31. hxg5 Kg8 32. Re2 Kf8 33. g6
fxg6 34. fxg6 Rg4 35. Ne7 Bxe7 36. fxe7+ Ke8 37. Re6 a5 38. Rxd6 Kxe7 39. Rb6
Kd8 40. Rxb7 Rxg6 41. a4 Rg1+ 42. Kd2 Rg2+ 43. Kd3 Rg3+ 44. Kc4 Rg4+ 45. Kb3
Rg6 46. c3 Kc8 47. Rb5 Ra6 48. Ka3 Kc7 49. b4 axb4+ 50. cxb4 Rd6 51. a5 Rd1 52.
Rc5+ Kb7 53. Ka4 Ka7 54. Kb5 Ra1 55. Rg5 Rb1 56. Rg7+ Ka8 57. Kc5 Kb8 58. b5
Ka8 59. b6 Kb8 60. Kc6 Rc1+ 61. Kb5 Rc8 62. a6 Rf8 63. a7+ 1-0

[Event "Europa tch 2011 femenino"]
[Site "Porto Carras"]
[Date "2011.11.09"]
[Round "7.12"]
[White "Botsari, Anna-Maria"]
[Black "Ciuksyte, Dagne"]
[Result "0-1"]
[WhiteElo "2313"]
[BlackElo "2327"]
[PlyCount "114"]
[EventDate "2011.11.03"]
[EventType "team"]
[EventRounds "9"]
[EventCountry "GRE"]
[Source "lmi"]
[SourceDate "2011.11.03"]
[WhiteTeamCountry "NED"]
[BlackTeamCountry "GRE"]

1. d4 Nf6 2. c4 e6 3. Nc3 Bb4 4. e3 O-O 5. Nge2 d5 6. a3 Be7 7. cxd5 exd5 8. g3
a5 9. Bg2 Na6 10. O-O c6 11. Qc2 Nc7 12. Bd2 Re8 13. Na4 Nb5 14. f3 g6 15. Rad1
Bf8 16. Bc1 Nd6 17. b3 Bf5 18. Qa2 b6 19. Nf4 Bh6 20. g4 Bc8 21. Qf2 Ba6 22.
Rfe1 Ra7 23. h4 Bxf4 24. exf4 Rae7 25. Re5 h5 26. Bh3 hxg4 27. fxg4 Nfe4 28.
Qg2 f6 29. Rxe7 Rxe7 30. Re1 Ng5 31. Rxe7 Qxe7 32. fxg5 Qe1+ 33. Kh2 Qxc1 34.
Qg3 Qd2+ 35. Bg2 Bf1 36. gxf6 Bxg2 37. Qxg2 Qxd4 38. Qf3 Kf7 39. h5 gxh5 40. g5
Qd2+ 41. Qg2 Qxg2+ 42. Kxg2 b5 43. Nc5 Ne4 44. Nb7 Nxg5 45. Nxa5 c5 46. Nb7 c4
47. bxc4 bxc4 48. a4 Ne4 49. a5 c3 50. a6 c2 51. Nd6+ Nxd6 52. a7 c1=Q 53. a8=Q
Qc2+ 54. Kg1 Qd1+ 55. Kg2 Qg4+ 56. Kh2 Kxf6 57. Qxd5 Qh4+ 0-1

[Event "Europa tch 2011 femenino"]
[Site "Porto Carras"]
[Date "2011.11.09"]
[Round "7.12"]
[White "Fakhiridou, Ekaterini"]
[Black "Hegarty, Sarah N"]
[Result "1-0"]
[WhiteElo "2180"]
[BlackElo "2060"]
[PlyCount "83"]
[EventDate "2011.11.03"]
[EventType "team"]
[EventRounds "9"]
[EventCountry "GRE"]
[Source "lmi"]
[SourceDate "2011.11.03"]
[WhiteTeamCountry "NED"]
[BlackTeamCountry "GRE"]

1. e4 c5 2. Nf3 Nc6 3. Bb5 d6 4. O-O Bd7 5. Re1 Nf6 6. c3 a6 7. Bf1 Bg4 8. h3
Bxf3 9. Qxf3 g6 10. d3 Bg7 11. Bg5 O-O 12. Nd2 b5 13. Qe3 b4 14. Bh6 Bxh6 15.
Qxh6 bxc3 16. bxc3 Qa5 17. Rec1 Rfb8 18. f4 Qd8 19. Re1 Qf8 20. Qh4 Nd7 21. Nf3
Qg7 22. e5 dxe5 23. fxe5 e6 24. d4 cxd4 25. cxd4 Rb4 26. Qe4 Rb6 27. Rec1 Ndb8
28. a4 a5 29. Bb5 Raa6 30. Nd2 Qf8 31. Nc4 Qd8 32. Nxb6 Rxb6 33. Rd1 Nb4 34.
Rac1 N8a6 35. Bxa6 Rxa6 36. Qb7 Rb6 37. Rc8 Rxb7 38. Rxd8+ Kg7 39. Ra8 Rd7 40.
Rxa5 Nc6 41. Rc5 Nxd4 42. Kf2 1-0

[Event "Europa tch 2011 femenino"]
[Site "Porto Carras"]
[Date "2011.11.09"]
[Round "7.12"]
[White "Houska, Jovanka"]
[Black "Dembo, Yelena"]
[Result "0-1"]
[WhiteElo "2415"]
[BlackElo "2468"]
[PlyCount "110"]
[EventDate "2011.11.03"]
[EventType "team"]
[EventRounds "9"]
[EventCountry "GRE"]
[Source "lmi"]
[SourceDate "2011.11.03"]
[WhiteTeamCountry "NED"]
[BlackTeamCountry "GRE"]

1. d4 Nf6 2. c4 g6 3. Nc3 Bg7 4. e4 d6 5. f3 O-O 6. Bg5 c5 7. d5 h6 8. Be3 e6
9. Qd2 exd5 10. cxd5 h5 11. Nge2 Nbd7 12. Nc1 Ne5 13. Be2 a6 14. a4 Nh7 15. O-O
f5 16. f4 Nf7 17. e5 dxe5 18. Bxc5 Re8 19. fxe5 Nxe5 20. a5 Nf6 21. Nb3 Neg4
22. Bxg4 Nxg4 23. Rae1 Bd7 24. Rxe8+ Bxe8 25. h3 Ne5 26. Qe2 Bf7 27. Bb6 Qh4
28. Bd4 Re8 29. Qd1 Kh7 30. Rf2 Qg3 31. Qf1 Bxd5 32. Nxd5 Qxb3 33. Nf4 Nf3+ 34.
Rxf3 Bxd4+ 35. Kh2 Re3 36. Nd3 Rxf3 37. Qxf3 Bxb2 38. Nxb2 Qxb2 39. Qd5 Qb4 40.
Qd7+ Kh6 41. Qd8 Kg7 42. h4 Kf7 43. Qd5+ Ke7 44. g3 Qb5 45. Qd2 Qc5 46. Qb2 Qc6
47. Qg7+ Kd8 48. Qh8+ Qe8 49. Qd4+ Kc8 50. Qc5+ Kb8 51. Qd4 Ka8 52. Qc3 Qd8 53.
Qc5 f4 54. Kg2 Qd2+ 55. Kf1 Qd3+ 0-1

[Event "Europa tch 2011 femenino"]
[Site "Porto Carras"]
[Date "2011.11.09"]
[Round "7.12"]
[White "Yurenok, Maria S"]
[Black "Makropoulou, Marina"]
[Result "1-0"]
[WhiteElo "2106"]
[BlackElo "2201"]
[PlyCount "155"]
[EventDate "2011.11.03"]
[EventType "team"]
[EventRounds "9"]
[EventCountry "GRE"]
[Source "lmi"]
[SourceDate "2011.11.03"]
[WhiteTeamCountry "NED"]
[BlackTeamCountry "GRE"]

1. d4 Nf6 2. c4 e6 3. Nc3 Bb4 4. Qc2 O-O 5. a3 Bxc3+ 6. Qxc3 Qe8 7. Nf3 d6 8.
h3 a5 9. Bf4 b5 10. b3 a4 11. e3 axb3 12. cxb5 Nd5 13. Qxb3 Nxf4 14. exf4 Nd7
15. Be2 Bb7 16. O-O Nb6 17. a4 Nd5 18. g3 f5 19. a5 Rb8 20. a6 Ba8 21. Kh2 Kh8
22. Rae1 c6 23. b6 Rxb6 24. Qa3 Rb4 25. Rb1 Qb8 26. Rxb4 Qxb4 27. Qxb4 Nxb4 28.
Rb1 c5 29. dxc5 dxc5 30. Ne5 Kg8 31. Nd7 Be4 32. Nxf8 Bxb1 33. Nxe6 Nc6 34. Bc4
Na7 35. Nxc5+ Kf8 36. Bd3 Bxd3 37. Nxd3 Ke7 38. Kg2 Kd6 39. Kf3 Kc6 40. Ke3 Nb5
41. Ne5+ Kb6 42. Nd7+ Kxa6 43. Nf8 Kb6 44. Nxh7 Kc5 45. Ng5 Kd5 46. Nf3 Nd6 47.
Nh4 Nc4+ 48. Kf3 Ke6 49. g4 fxg4+ 50. hxg4 Nd2+ 51. Ke2 Ne4 52. Ke3 Nd6 53. f5+
Kd5 54. Kf4 Nf7 55. Nf3 Nd6 56. Ng5 Ne8 57. f3 Kd6 58. Ne4+ Ke7 59. Ke5 Nc7 60.
Ng5 Na6 61. Ne6 Kf7 62. g5 Nb4 63. g6+ Kg8 64. f6 gxf6+ 65. Kxf6 Nd5+ 66. Kg5
Nc3 67. f4 Ne4+ 68. Kf5 Nf2 69. Kf6 Ng4+ 70. Kg5 Nf2 71. f5 Ne4+ 72. Kh6 Nf6
73. Nf4 Ng4+ 74. Kg5 Nf2 75. f6 Ne4+ 76. Kf5 Ng3+ 77. Ke6 Ne4 78. Kd5 1-0

[Event "Europa tch 2011 femenino"]
[Site "Porto Carras"]
[Date "2011.11.09"]
[Round "7.13"]
[White "De Seroux, Camille"]
[Black "Batkovskyte, Dominyka"]
[Result "1-0"]
[WhiteElo "2056"]
[BlackElo "2102"]
[PlyCount "109"]
[EventDate "2011.11.03"]
[EventType "team"]
[EventRounds "9"]
[EventCountry "GRE"]
[Source "lmi"]
[SourceDate "2011.11.03"]
[WhiteTeamCountry "NED"]
[BlackTeamCountry "GRE"]

1. e4 e6 2. d4 d5 3. Nd2 Nf6 4. e5 Nfd7 5. c3 c5 6. Bd3 Nc6 7. Ne2 cxd4 8. cxd4
f6 9. exf6 Qxf6 10. Nf3 h6 11. O-O Bd6 12. Ng3 O-O 13. Bc2 Rf7 14. Qd3 Nf8 15.
a3 Bd7 16. Bd2 Be8 17. Bc3 Rc7 18. Qe2 Bg6 19. Bb3 Bf4 20. Rad1 b5 21. Ne5 Nxe5
22. dxe5 Qg5 23. Qxb5 Be8 24. Qa5 Rac8 25. Ba4 Bg6 26. Rfe1 h5 27. Bd2 h4 28.
Ne2 Bxd2 29. Qxd2 Qxe5 30. Nd4 Qf6 31. Qe3 Bh5 32. f3 Bf7 33. Nb5 Re7 34. Rxd5
exd5 35. Qxe7 Re8 36. Qxf6 Rxe1+ 37. Kf2 gxf6 38. Kxe1 Be8 39. Kd2 Ne6 40. Nc3
Bxa4 41. Nxa4 Kf7 42. Nc3 d4 43. Ne2 Ke7 44. Kd3 Kd6 45. Nxd4 Nf4+ 46. Ke4 Nxg2
47. Nb5+ Ke6 48. Nxa7 f5+ 49. Kd3 Ne1+ 50. Ke2 Nc2 51. Nb5 Kd5 52. Kd2 Na1 53.
Kc3 Ke5 54. b4 Kf4 55. Nd4 1-0

[Event "Europa tch 2011 femenino"]
[Site "Porto Carras"]
[Date "2011.11.09"]
[Round "7.13"]
[White "Seps, Monika"]
[Black "Daulyte, Deimante"]
[Result "1/2-1/2"]
[WhiteElo "2198"]
[BlackElo "2238"]
[PlyCount "34"]
[EventDate "2011.11.03"]
[EventType "team"]
[EventRounds "9"]
[EventCountry "GRE"]
[Source "lmi"]
[SourceDate "2011.11.03"]
[WhiteTeamCountry "NED"]
[BlackTeamCountry "GRE"]

1. d4 Nf6 2. Nf3 g6 3. Bg5 Bg7 4. Nbd2 d5 5. e3 O-O 6. Bd3 Nbd7 7. O-O c5 8. c3
b6 9. e4 dxe4 10. Nxe4 cxd4 11. Nxd4 Bb7 12. Re1 Nxe4 13. Bxe4 Bxe4 14. Rxe4
Nf6 15. Re1 Qd5 16. Nf3 Qb7 17. Qe2 e6 1/2-1/2

[Event "Europa tch 2011 femenino"]
[Site "Porto Carras"]
[Date "2011.11.09"]
[Round "7.13"]
[White "Vanagaite, Giedre"]
[Black "Stoeri, Laura"]
[Result "1-0"]
[WhiteElo "1958"]
[BlackElo "1939"]
[PlyCount "79"]
[EventDate "2011.11.03"]
[EventType "team"]
[EventRounds "9"]
[EventCountry "GRE"]
[Source "lmi"]
[SourceDate "2011.11.03"]
[WhiteTeamCountry "NED"]
[BlackTeamCountry "GRE"]

1. d4 Nf6 2. c4 g6 3. Nc3 Bg7 4. e4 d6 5. f3 O-O 6. Be3 e5 7. d5 c6 8. Qd2 cxd5
9. cxd5 a6 10. O-O-O b5 11. Kb1 Nbd7 12. Bd3 Nb6 13. g4 Rb8 14. Bh6 Bxh6 15.
Qxh6 b4 16. Nce2 Na4 17. h4 Qa5 18. Bc4 Bxg4 19. Qg5 Bxf3 20. Nxf3 Nxe4 21. Qe3
f5 22. h5 Rfc8 23. Bb3 Nac3+ 24. bxc3 bxc3 25. Rc1 Qa3 26. Kc2 Qb2+ 27. Kd1 c2+
28. Ke1 Rb4 29. hxg6 f4 30. Qd3 Ng3 31. Rg1 e4 32. Rxc2 exd3 33. Rxb2 dxe2 34.
Rxe2 Nxe2 35. Kxe2 Re4+ 36. Kf2 h6 37. Nh4 Rf8 38. g7 Rf7 39. Bc2 Re5 40. Bg6
1-0

[Event "Europa tch 2011 femenino"]
[Site "Porto Carras"]
[Date "2011.11.09"]
[Round "7.13"]
[White "Zaksaite, Salomeja"]
[Black "Heinatz, Dr Gundula"]
[Result "1/2-1/2"]
[WhiteElo "2200"]
[BlackElo "2205"]
[PlyCount "134"]
[EventDate "2011.11.03"]
[EventType "team"]
[EventRounds "9"]
[EventCountry "GRE"]
[Source "lmi"]
[SourceDate "2011.11.03"]
[WhiteTeamCountry "NED"]
[BlackTeamCountry "GRE"]

1. e4 c5 2. Nf3 g6 3. c4 Nc6 4. d4 cxd4 5. Nxd4 Nf6 6. Nc3 d6 7. Be2 Nxd4 8.
Qxd4 Bg7 9. O-O O-O 10. Qd1 Be6 11. Bd2 a6 12. Rc1 Nd7 13. b3 Nc5 14. Bf3 a5
15. Qe2 Re8 16. Rfd1 Qc8 17. Be3 h5 18. Nd5 Ra6 19. Bg5 f6 20. Bd2 Bf7 21. Bc3
e5 22. g3 Ne6 23. h4 Qc5 24. Qd3 Kh8 25. Kg2 Qc8 26. Be2 Nc5 27. Qf3 Be6 28.
Qe3 Kh7 29. Bd2 Rf8 30. a3 f5 31. exf5 Bxf5 32. f3 Rf7 33. b4 axb4 34. axb4 Ne6
35. c5 dxc5 36. Bxa6 bxa6 37. bxc5 Nd4 38. Rh1 Be6 39. Qe4 Bf5 40. Qe3 Be6 41.
Nb6 Qf8 42. Rhf1 Rc7 43. Bb4 Qf5 44. Rh1 Bh6 45. Qe4 Bxc1 46. Qxf5 gxf5 47.
Rxc1 f4 48. gxf4 Ne2 49. Rd1 Nxf4+ 50. Kf2 Rg7 51. Rd2 Rg2+ 52. Ke3 Rg1 53. Rc2
Bf5 54. Rc4 Rg2 55. Rxf4 exf4+ 56. Kxf4 Kg6 57. Nd5 Be6 58. Ne7+ Kf7 59. Nc6
Rb2 60. Bc3 Rc2 61. Bd4 Rc1 62. Kg5 Bd5 63. Ne5+ Ke6 64. f4 Be4 65. Kxh5 Kf5
66. Kh6 Kxf4 67. h5 Rxc5 1/2-1/2

[Event "Europa tch 2011 femenino"]
[Site "Porto Carras"]
[Date "2011.11.09"]
[Round "7.14"]
[White "Hansen, Erle Andrea Marki"]
[Black "Blagojevic, Tijana"]
[Result "1-0"]
[WhiteElo "1762"]
[BlackElo "1925"]
[PlyCount "115"]
[EventDate "2011.11.03"]
[EventType "team"]
[EventRounds "9"]
[EventCountry "GRE"]
[Source "lmi"]
[SourceDate "2011.11.03"]
[WhiteTeamCountry "NED"]
[BlackTeamCountry "GRE"]

1. d4 d5 2. c4 c6 3. Nf3 Nf6 4. Nc3 e6 5. e3 Nbd7 6. Qc2 Bd6 7. Bd3 O-O 8. O-O
dxc4 9. Bxc4 e5 10. e4 exd4 11. Nxd4 Nb6 12. Nce2 Qc7 13. Bd3 Bxh2+ 14. Kh1 Be5
15. f4 Bxd4 16. Nxd4 Qe7 17. e5 Ng4 18. g3 h6 19. Nf5 Qe6 20. Nd6 f5 21. Kg1
Qg6 22. a4 Kh8 23. Qg2 Be6 24. Re1 Bd5 25. Qh3 Rab8 26. a5 Nd7 27. b4 h5 28.
Ba3 Be6 29. Re2 Nh6 30. Rh2 Qg4 31. Qg2 Bd5 32. Qf2 Qf3 33. Qxf3 Bxf3 34. Bc4
g6 35. Re1 Kh7 36. Rd2 Ng4 37. Nf7 Bd5 38. Ng5+ Kh6 39. Bxd5 cxd5 40. Rxd5
Ndxe5 41. fxe5 Kxg5 42. Bc1+ f4 43. Bxf4+ Kf5 44. e6+ Kf6 45. Bxb8 Rxb8 46. e7
Re8 47. Rd8 Rxe7 48. Rxe7 Kxe7 49. Rb8 b6 50. a6 Kd6 51. Rb7 Kc6 52. Rxa7 Kb5
53. Rg7 Kxa6 54. Rxg6 Kb5 55. Kg2 Ne3+ 56. Kf3 Nc4 57. Rg5+ Kxb4 58. Rxh5 1-0

[Event "Europa tch 2011 femenino"]
[Site "Porto Carras"]
[Date "2011.11.09"]
[Round "7.14"]
[White "Reppen, Ellisiv"]
[Black "Milovic, Aleksandra"]
[Result "0-1"]
[WhiteElo "1949"]
[BlackElo "2171"]
[PlyCount "84"]
[EventDate "2011.11.03"]
[EventType "team"]
[EventRounds "9"]
[EventCountry "GRE"]
[Source "lmi"]
[SourceDate "2011.11.03"]
[WhiteTeamCountry "NED"]
[BlackTeamCountry "GRE"]

1. e4 c5 2. Nf3 e6 3. d4 cxd4 4. Nxd4 Nc6 5. Nc3 d6 6. Be3 Nf6 7. Be2 Be7 8.
Qd2 a6 9. O-O-O Qc7 10. f4 Nxd4 11. Bxd4 O-O 12. Bf3 Nd7 13. g4 b5 14. h4 b4
15. Ne2 a5 16. Kb1 Ba6 17. h5 Rac8 18. g5 e5 19. Bf2 Bxe2 20. Bxe2 exf4 21. g6
Ne5 22. gxh7+ Kxh7 23. Bd4 Bf6 24. h6 g6 25. Rc1 f3 26. Qf4 Qe7 27. Bxf3 Bg5
28. Qg3 Bxc1 29. Rxc1 Rc4 30. c3 bxc3 31. Bxc3 Nxf3 32. Qxf3 Qxe4+ 33. Qxe4
Rxe4 34. Bxa5 Kxh6 35. Rd1 f5 36. Bd2+ f4 37. b4 g5 38. a4 f3 39. a5 f2 40. Rf1
Kh5 41. b5 g4 42. a6 g3 0-1

[Event "Europa tch 2011 femenino"]
[Site "Porto Carras"]
[Date "2011.11.09"]
[Round "7.14"]
[White "Stojanovic, Marija R"]
[Black "Carlsen, Ellen Oen"]
[Result "1/2-1/2"]
[WhiteElo "2095"]
[BlackElo "1931"]
[PlyCount "73"]
[EventDate "2011.11.03"]
[EventType "team"]
[EventRounds "9"]
[EventCountry "GRE"]
[Source "lmi"]
[SourceDate "2011.11.03"]
[WhiteTeamCountry "NED"]
[BlackTeamCountry "GRE"]

1. e4 c5 2. Nc3 Nc6 3. g3 g6 4. Bg2 d6 5. d3 Bg7 6. f4 e5 7. Nf3 Nge7 8. O-O a6
9. Nh4 exf4 10. Bxf4 O-O 11. Qd2 Nd4 12. Rae1 Qb6 13. Nd1 Ne6 14. Bh6 Nc6 15.
Bxg7 Nxg7 16. c3 Be6 17. Ne3 Ne5 18. b3 a5 19. d4 cxd4 20. cxd4 Ng4 21. Nc4
Bxc4 22. bxc4 Nh5 23. Bh3 Ne5 24. c5 Nc4 25. Qc1 Qb4 26. cxd6 Nxd6 27. Qe3 Rae8
28. e5 Nc4 29. Qd3 Rd8 30. Nf3 b5 31. Rb1 Qa3 32. Qxa3 Nxa3 33. Rb3 b4 34. Rc1
Nb5 35. Rc5 Nxd4 36. Nxd4 Rxd4 37. Rxa5 1/2-1/2